书目信息 |
| 题名: |
百变蜜罐甜点
|
|
| 作者: | 大妮儿妮儿 著 | |
| 分册: | ||
| 出版信息: | 沈阳 辽宁科学技术出版社 2019 |
|
| 页数: | 135页 | |
| 开本: | 26cm | |
| 丛书名: | ||
| 单 册: | ||
| 中图分类: | TS972.134 | |
| 科图分类: | ||
| 主题词: | 甜食--制作 | |
| 电子资源: | ||
| ISBN: | 978-7-5591-1163-0 | |
| 000 | 00884nam0 2200229 450 | |
| 001 | 2338529017 | |
| 005 | 20231017104218.93 | |
| 010 | @a978-7-5591-1163-0@dCNY49.80 | |
| 100 | @a20190723d2019 em y0chiy50 ea | |
| 101 | 0 | @achi |
| 102 | @aCN@b210000 | |
| 105 | @aa z 000yy | |
| 200 | 1 | @a百变蜜罐甜点@Abai bian mi guan tian dian@dHoney jar sweets@f大妮儿妮儿著@zeng |
| 210 | @a沈阳@c辽宁科学技术出版社@d2019 | |
| 215 | @a135页@c彩图@d26cm | |
| 330 | @a本书介绍了各种梅森罐、玻璃罐蛋糕,包括创意Magic蜜罐蛋糕、经典口味蜜罐蛋糕、芝士蜜罐、布丁蜜罐、快手饼干叠叠蜜罐、咸味轻食keepfit潘多拉蜜罐、Freak甜品+饮品蜜罐、免搅拌机意式冰淇淋蛋糕蜜罐等甜食。 | |
| 510 | 1 | @aHoney jar sweets@zeng |
| 606 | 0 | @a甜食@x制作 |
| 690 | @aTS972.134@v5 | |
| 701 | 0 | @a大妮儿妮儿@Ada ni er ni er@c(女)@4著 |
| 801 | 0 | @aCN@b大连网信软件有限公司图书馆·11@c20231017 |
| 905 | @aZUCC@dTS972.134@e16 | |
| 百变蜜罐甜点=Honey jar sweets/大妮儿妮儿著.-沈阳:辽宁科学技术出版社,2019 |
| 135页:彩图;26cm |
| ISBN 978-7-5591-1163-0:CNY49.80 |
| 本书介绍了各种梅森罐、玻璃罐蛋糕,包括创意Magic蜜罐蛋糕、经典口味蜜罐蛋糕、芝士蜜罐、布丁蜜罐、快手饼干叠叠蜜罐、咸味轻食keepfit潘多拉蜜罐、Freak甜品+饮品蜜罐、免搅拌机意式冰淇淋蛋糕蜜罐等甜食。 |
| ● |
| 相关链接 |
|
|
|
正题名:百变蜜罐甜点
索取号:TS972.134/16
 
预约/预借
| 序号 | 登录号 | 条形码 | 馆藏地/架位号 | 状态 | 备注 |
| 1 | 2001028551 | 2001028551 | 第四书库/四28架A面1层4列/ [索取号:TS972.134/16] | 在馆 | |
| 2 | 2001028552 | 2001028552 | 第四书库/四28架A面1层4列/ [索取号:TS972.134/16] | 在馆 | |
| 3 | 2001028553 | 2001028553 | 第四书库/四28架A面1层4列/ [索取号:TS972.134/16] | 在馆 | |
| 4 | 2001028554 | 2001028554 | 第四书库/四28架A面1层4列/ [索取号:TS972.134/16] | 在馆 | |
| 5 | 2001028555 | 2001028555 | 第四书库/四28架A面1层4列/ [索取号:TS972.134/16] | 在馆 | |
| 6 | 2001028556 | 2001028556 | 第四书库/四28架A面1层4列/ [索取号:TS972.134/16] | 在馆 |